La Palma : semanario de historia y literatura (Record no. 174965)

MARC details
000 -LEADER
campo de control de longitud fija 00541nam a2200133 i 4500
001 - NÚMERO DE CONTROL
campo de control 174965
003 - IDENTIFICADOR DE NÚMERO DE CONTROL
campo de control ES-MaACL
005 - FECHA Y HORA DE LA ÚLTIMA TRANSACCIÓN
campo de control 20230906215716.0
008 - DATOS DE LONGITUD FIJA--INFORMACIÓN GENERAL
campo de control de longitud fija 100827s1890 sp |||| | spa d
245 00 - MENCIÓN DEL TÍTULO
Título La Palma : semanario de historia y literatura
Resto del título : número póstumo conmemorativo del 50º aniversario de la aparición de este periódico , cuyo primer número se publicó el 4 de octubre de 1840.
260 ## - PUBLICACIÓN, DISTRIBUCIÓN, ETC.
Lugar de publicación, distribución, etc. La Palma :
Nombre del editor, distribuidor, etc. [s.n.],
Fecha de publicación, distribución, etc. 1890 (
Fabricante Impr. de Felipe Guasp y Vicens)
300 ## - DESCRIPCIÓN FÍSICA
Extensión 40 p. ;
Dimensiones 33 cm.
852 ## - LOCALIZACIÓN
Ubicación ES-MaACL
Número de control de estantería T-501-F-16
Holdings
Estatus retirado Estado de pérdida Estado de daño No para préstamo Colección Biblioteca de origen Biblioteca actual Ubicación en estantería Fecha de adquisición Fuente de adquisición Total de préstamos Signatura topográfica completa Código de barras Visto por última vez Precio de reemplazo Tipo de ítem Koha
        Colección de folletos Biblioteca del Ateneo de Madrid Biblioteca del Ateneo de Madrid Depósito folletos 27/08/2010     T-501-F-16 1183709 23/02/2023 23/02/2023 Folleto